<?xml version="1.0" encoding="UTF-8"?>
<record
    xmlns:xsi="http://www.w3.org/2001/XMLSchema-instance"
    xsi:schemaLocation="http://www.loc.gov/MARC21/slim http://www.loc.gov/standards/marcxml/schema/MARC21slim.xsd"
    xmlns="http://www.loc.gov/MARC21/slim">

  <leader>00521nas a2200145Ia 4500</leader>
  <datafield tag="040" ind1=" " ind2=" ">
    <subfield code="c">WAU</subfield>
  </datafield>
  <datafield tag="082" ind1=" " ind2=" ">
    <subfield code="a">338 CAM 2005 C140 Or.</subfield>
  </datafield>
  <datafield tag="245" ind1="0" ind2="0">
    <subfield code="a">Annual development review</subfield>
  </datafield>
  <datafield tag="246" ind1="1" ind2="3">
    <subfield code="a">ADR</subfield>
  </datafield>
  <datafield tag="260" ind1=" " ind2=" ">
    <subfield code="a">Phnom Penh :</subfield>
    <subfield code="b">Cambodia Development Resource Institute,</subfield>
    <subfield code="c">2005-</subfield>
  </datafield>
  <datafield tag="300" ind1=" " ind2=" ">
    <subfield code="a">v. :</subfield>
    <subfield code="b">ill. ;</subfield>
    <subfield code="c">26 cm</subfield>
  </datafield>
  <datafield tag="650" ind1=" " ind2="0">
    <subfield code="a">Industrialization</subfield>
  </datafield>
  <datafield tag="710" ind1="2" ind2=" ">
    <subfield code="a">Vidy&#xFFFD;&#xFFFD;sth&#xFFFD;&#xFFFD;n Pa&#xFFFD;&#xFFFD;&#xFFFD;tua&#xFFFD;&#xFFFD;&#xFFFD; Pa&#xFFFD;&#xFFFD;&#xFFFD;t&#xFFFD;&#xFFFD;l ni&#xFFFD;&#xFFFD;&#xFFFD; Sr&#xFFFD;&#xFFFD;vjr&#xFFFD;&#xFFFD;v &#xFFFD;&#xFFFD;&#xFFFD;oemp&#xFFFD;&#xFFFD; Qabhiva&#xFFFD;&#xFFFD;&#xFFFD;&#xFFFD;&#xFFFD;&#xFFFD;hn&#xFFFD;&#xFFFD; Kambuj&#xFFFD;&#xFFFD;</subfield>
  </datafield>
  <datafield tag="942" ind1=" " ind2=" ">
    <subfield code="c">EK</subfield>
  </datafield>
  <datafield tag="999" ind1=" " ind2=" ">
    <subfield code="c">19212</subfield>
    <subfield code="d">19212</subfield>
  </datafield>
  <datafield tag="952" ind1=" " ind2=" ">
    <subfield code="0">0</subfield>
    <subfield code="1">0</subfield>
    <subfield code="4">0</subfield>
    <subfield code="6">338_000000000000000_CAM_2005_C140_OR</subfield>
    <subfield code="7">0</subfield>
    <subfield code="9">84326</subfield>
    <subfield code="a">LBC</subfield>
    <subfield code="b">LBC</subfield>
    <subfield code="c">C140</subfield>
    <subfield code="d">2020-05-15</subfield>
    <subfield code="o">338 CAM 2005 C140 Or.</subfield>
    <subfield code="p">A37853</subfield>
    <subfield code="r">2020-05-15</subfield>
    <subfield code="y">EK</subfield>
  </datafield>
</record>
